[Event "70th RUS-ch Superfinal Men 2017"]
[Site "St. Petersburg"]
[Date "2017.12.11"]
[Round "8"]
[White "Matlakov, Maxim"]
[Black "Volkov, Sergey"]
[Result "0-1"]
[WhiteElo "2735"]
[BlackElo "2645"]
[Annotator "TA"]
[PlyCount "86"]
[EventDate "2017.??.??"]
[EventType "tourn"]
[EventCountry "RUS"]
[SourceTitle "playchess.com"]
[Source "ChessBase"]
[SourceQuality "1"]

{[%evp 13,86,31,27,21,36,36,36,19,40,27,58,62,74,71,69,55,68,59,60,49,99,41,27,-25,-23,-62,-18,-81,-91,-86,-96,-60,-81,-150,-177,-174,-168,-168,-164,-190,-126,-120,-113,-195,-198,-190,-183,-336,-332,-458,-439,-437,-339,-518,-397,-389,-397,-380,-372,-349,-349,-350,-349,-529,-550,-536,-536,-572,-457,-375,-366,-785,-758,-744,-725]} 1. d4 d5 2. c4 c6 3. Nf3 Nf6 4. Nc3 a6 5. e3 b5 6. b3 Bg4 7. Be2 Nbd7 8. h3 {D15: Slav Defence: 4 Nc3 a6 and gambit lines after 4 Nc3 dxc4} Bf5 9. g4 Bg6 10. Ne5 {White is slightly better.} Nxe5 11. dxe5 Nd7 12. cxd5 cxd5 13. e6 ({Don't play} 13. Qxd5 $6 e6 $11) 13... fxe6 14. Bb2 Qb6 15. h4 {[#]} Qd6 $146 ({Predecessor:} 15... h5 16. gxh5 {1-0 (34) Ding,L (2766)-Movsesian,S (2653) Huaian 2016}) 16. Rc1 Rd8 17. Qd4 ({White should try} 17. O-O $16) 17... h5 $1 $14 18. gxh5 (18. g5 $142) 18... Bxh5 $11 19. e4 Qf4 {With the idea ...Ne5.} 20. Bxh5+ (20. Qe3 $1 $11 {remains equal.} Qxe3 21. fxe3) 20... Rxh5 $17 21. Ne2 Qf3 22. Ng3 Ne5 $36 {[%mdl 2048] White is under strong pressure.} 23. Rc3 {[#]} ({White should play} 23. Qe3 dxe4 24. Qxf3 Nxf3+ 25. Kf1) 23... Qg4 $1 24. Qd1 {And now Qxg4 would win.} ({Wrong is} 24. Nxh5 $2 dxe4 25. Rg3 Qxh5 $19) 24... Rxh4 25. Rxh4 Qxh4 26. exd5 exd5 (26... Rxd5 $19 27. Qe2 Qh7) 27. Re3 Ng4 28. Rf3 (28. Re6 $17 {keeps fighting.}) 28... Nf6 $19 29. Qc2 Qg4 30. Re3 $2 {[#]} (30. Qe2 {is a better defense.}) 30... d4 31. Qc6+ Kf7 32. Rd3 e5 {[%cal Be7e5,Be5e4][%mdl 32]} 33. Qxa6 (33. a3 $142) 33... e4 34. Rxd4 Rxd4 35. Bxd4 Bb4+ 36. Kf1 Qd1+ 37. Kg2 Qxd4 38. Qxb5 (38. Qb7+ $142 Ke6 39. Qc6+ Bd6 40. Qc8+ Kf7 41. Qb7+ Kg6 42. Qxg7+ Kxg7 43. Nf5+ Kg6 44. Nxd4) 38... Bc5 39. Qe2 Qd3 40. a4 Qxe2 41. Nxe2 Ke6 42. a5 $2 (42. Nc3) 42... Nd5 43. Kg3 Ke5 {Precision: White = 37%, Black = 80%.} 0-1

[Event "70th RUS-ch Superfinal Men 2017"]
[Site "St. Petersburg"]
[Date "2017.12.11"]
[Round "8"]
[White "Fedoseev, Vladimir"]
[Black "Dubov, Daniil"]
[Result "1/2-1/2"]
[WhiteElo "2718"]
[BlackElo "2683"]
[Annotator "TA"]
[PlyCount "99"]
[EventDate "2017.??.??"]
[EventType "tourn"]
[EventCountry "RUS"]
[SourceTitle "playchess.com"]
[Source "ChessBase"]
[SourceQuality "1"]

{[%evp 20,99,0,-17,74,75,70,81,89,79,93,90,142,142,125,137,149,147,154,152,143,151,130,132,175,119,138,51,200,200,200,216,224,200,200,200,219,216,323,323,305,272,341,340,351,267,472,418,586,582,565,560,504,457,405,67,66,66,66,66,66,66,66,66,66,49,80,67,74,67,70,67,70,70,73,50,44,0,0,0,0,0]} 1. d4 Nf6 2. c4 g6 3. Nc3 d5 4. Bg5 c5 5. Nf3 dxc4 6. e4 Bg7 7. d5 b5 8. d6 Bb7 9. e5 {D91: Grünfeld: 4 Nf3 Bg7 5 Bg5} Ne4 10. Nxe4 Bxe4 11. a4 {[%cal Ba2a4,Ba4b5][%mdl 32] LiveBook: 8 Games} Qd7 $146 (11... a6 $1 $11) ({Predecessor:} 11... f6 12. exf6 exf6 13. axb5 fxg5 14. Bxc4 Kf8 15. O-O Bf6 16. Re1 Bb7 {1-0 (30) Nisipeanu,L (2677)-Lupulescu,C (2591) Khanty-Mansiysk 2009}) 12. dxe7 $16 Qxd1+ 13. Rxd1 {[%csl Ge7,Gg5][%cal Rd1d8]} Nd7 14. axb5 $40 {[%mdl 128] White attacks with force.} h6 {[#] White must now prevent ...Bxf3.} 15. Be3 $1 Bc2 (15... Bxf3 $142 16. gxf3 Bxe5) 16. Rc1 Ba4 17. Bxc4 Rb8 18. Ra1 Bxb5 19. Bxb5 Rxb5 20. Rxa7 Kxe7 21. O-O Ke6 {[#]} 22. Bd4 (22. b4 $1 $18 {[%cal Rb4c5]} Nxe5 23. Bxc5 Nxf3+ 24. gxf3) 22... Rhb8 {[%cal Rd7e5]} 23. Rxd7 (23. Bc3 $16) 23... Kxd7 {[#]} (23... cxd4 $14 24. Rd6+ (24. Rxd4 Bxe5 25. Re1 Kf6 $14) 24... Ke7) 24. e6+ $1 $18 {[%mdl 512]} Ke7 (24... Kxe6 25. Re1+) 25. Bxg7 f6 26. Bxh6 Rxb2 27. Be3 Rc8 28. Re1 c4 (28... Rb4 $142 29. g3 Ra4) 29. Nh4 c3 30. Bc1 Ke8 31. Nxg6 Rd8 32. Kf1 Rb4 $2 {[#]} (32... Rb1 33. Ke2 c2) 33. Ne7 $1 Rb5 (33... Kxe7 $142 34. Ba3 Rdd4) 34. Ng8 c2 35. Nxf6+ Ke7 36. Nd7 {White threatens Ba3+ and mate.} Ra8 37. h4 $2 (37. f4 $18) 37... Ra1 $1 $14 38. Ke2 $1 {[%cal Re2d3]} ({Don't blunder} 38. Bg5+ $2 Rxg5 39. Rxa1 Rb5 $19) 38... Kxe6 39. Nf8+ Kf7 40. Kd3 Rd5+ $1 41. Kxc2 Ra2+ 42. Kc3 Rxf2 43. Ne6 {Strongly threatening g4.} (43. Be3 {feels hotter.} Rxg2 44. Rf1+ Kg8 45. Ne6 Re5 46. Rf8+) 43... Rxg2 44. Ng5+ Kg6 45. Rh1 {Threatens to win with h5+.} Rc5+ 46. Kd3 {Hoping for Be3.} Rg3+ 47. Be3 {And now Ne4 would win.} Ra5 48. h5+ Kf5 49. Ne4 Ra3+ 50. Nc3 {Precision: White = 74%, Black = 65%.} 1/2-1/2

[Event "70th RUS-ch Superfinal Men 2017"]
[Site "St. Petersburg"]
[Date "2017.12.11"]
[Round "8"]
[White "Tomashevsky, Evgeny"]
[Black "Romanov, Evgeny"]
[Result "1/2-1/2"]
[WhiteElo "2713"]
[BlackElo "2626"]
[Annotator "TA"]
[PlyCount "93"]
[EventDate "2017.??.??"]
[EventType "tourn"]
[EventCountry "RUS"]
[SourceTitle "playchess.com"]
[Source "ChessBase"]
[SourceQuality "1"]

{[%evp 14,93,0,6,6,0,13,13,15,14,21,22,21,18,21,18,20,21,21,19,18,18,19,11,21,19,18,0,17,19,21,22,22,6,10,0,11,10,11,11,17,17,21,6,8,6,6,6,6,13,14,0,0,0,14,9,9,9,9,9,12,0,2,0,37,0,0,0,0,0,0,0,0,0,0,0,0,0,0,0,0,0]} 1. Nf3 d5 2. g3 c6 3. Bg2 Nf6 4. O-O Bg4 5. h3 Bxf3 6. Bxf3 e5 {A07: Réti Opening: New York and Capablanca Systems} 7. d3 Nbd7 8. e4 {LiveBook: 37 Games} Bd6 (8... Bc5 9. Nc3 dxe4 10. Nxe4 Nxe4 11. dxe4 O-O 12. Qe2 Qe7 {½-½ (71) Ding,L (2781)-Yu,Y (2753) Danzhou 2017}) 9. Nc3 {[%cal Re4d5]} dxe4 10. Nxe4 Nxe4 11. dxe4 Qe7 $146 ({Predecessor:} 11... Nc5 12. Qe2 Qe7 13. Be3 O-O 14. Rfd1 {1-0 (60) Lindinger,M-Gustafsson,J Germany 1993}) 12. Qe2 O-O 13. h4 a5 14. a4 h6 15. Rd1 {[#] Threatens to win with Qd3.} Rfd8 16. Bd2 Bb4 17. c3 Bc5 18. Be1 Nf6 19. Rxd8+ Rxd8 20. Qc4 h5 21. Rd1 {Rxd8+ is the strong threat.} Ba7 22. Rxd8+ Qxd8 23. Qe2 g6 24. Qd2 Qe7 25. Kg2 Bb6 26. Qc2 Kg7 27. Be2 Ng4 28. Qd3 Qe6 29. Qc4 Qf6 {[%cal Rb6f2]} 30. Bf3 Nh2 31. Bd1 {Black must now prevent f3.} Ng4 {[%cal Rb6f2]} 32. Bf3 {[#]} Nh2 $1 {[%mdl 512]} 33. Bd1 {Hoping for f3.} (33. Kxh2 Qxf3) 33... Ng4 {[%cal Rb6f2]} 34. Bxg4 hxg4 35. Qe2 Qe6 36. c4 Qd7 37. Bc3 f6 38. b3 Bd8 39. f3 gxf3+ {The position is equal.} 40. Qxf3 b5 41. Qe3 b4 42. Be1 Be7 43. Bf2 Qd1 44. Qa7 Kf7 45. Bc5 Qe2+ 46. Kh3 Qf1+ 47. Kh2 {Precision: White = 64%, Black = 71%.} 1/2-1/2

[Event "70th RUS-ch Superfinal Men 2017"]
[Site "St. Petersburg"]
[Date "2017.12.11"]
[Round "8"]
[White "Inarkiev, Ernesto"]
[Black "Riazantsev, Alexander"]
[Result "1/2-1/2"]
[WhiteElo "2689"]
[BlackElo "2650"]
[Annotator "TA"]
[PlyCount "110"]
[EventDate "2017.??.??"]
[EventType "tourn"]
[EventCountry "RUS"]
[SourceTitle "playchess.com"]
[Source "ChessBase"]
[SourceQuality "1"]

{[%evp 23,110,11,14,14,16,13,17,11,19,15,15,18,16,12,11,14,25,17,20,20,25,17,16,21,22,0,3,0,0,0,9,6,6,0,0,0,0,0,0,0,0,0,0,0,0,0,0,-29,-30,-151,-134,-179,-184,-149,-83,-89,-84,-406,-388,-233,-8,-8,-8,-8,-8,-8,0,0,0,0,0,0,0,0,0,0,0,0,0,0,0,0,0,0,0,0,0,-8,0]} 1. e4 c6 {[%cal Bc7c6,Bc6c5][%mdl 32]} 2. d4 d5 3. e5 Bf5 4. Nf3 e6 5. Be2 c5 6. Be3 Qb6 7. Nc3 Nc6 8. O-O {B12: Caro-Kann: Advance Variation} (8. Na4 Qa5+ 9. c3 cxd4 10. Nxd4 Nxd4 11. Bxd4 Ne7 12. b4 Qc7 13. Nc5 Nc6 14. Qa4 Bxc5 15. Bxc5 Qxe5 {½-½ (60) Kamsky,G (2678)-Shimanov,A (2646) St Petersburg 2017}) 8... Qxb2 9. Qe1 cxd4 10. Bxd4 Nxd4 11. Nxd4 Bb4 12. Rb1 Bxc3 {LiveBook: 9 Games} 13. Rxb2 Bxe1 14. Rxe1 b6 $1 15. Bb5+ Kf8 16. Nxf5 exf5 17. Rb3 $146 Rc8 18. Ra3 a5 19. Bd3 Ne7 20. Rb1 Rc6 21. Rab3 Ng6 22. Rxb6 Rxb6 23. Rxb6 $11 {[%mdl 4096] Endgame KRB-KRN} Ke7 24. Kf1 Nxe5 25. Ke2 f4 26. Ra6 Rb8 27. Rxa5 Kd6 28. Ra4 Re8 29. Bb5 Re7 30. Ra8 g5 31. Rd8+ Kc5 32. Re8 Re6 33. a4 Nc6+ 34. Rxe6 fxe6 {KB-KN} 35. c3 e5 36. h4 (36. g3 $11) 36... gxh4 $17 37. Kf3 {[#] intending Kg4.} h5 $1 38. Bd3 {[#]} Na5 ({Black should play} 38... Ne7 $1 39. a5 Nc6) 39. Bg6 Kc4 40. Bxh5 $2 {[%mdl 8192]} (40. Bf7 $17) 40... Kxc3 $19 41. Kg4 Kb4 $2 (41... Kd2 $19 42. Kf5 Nc6) 42. Kxh4 $11 {The position is equal.} Kxa4 43. Bf3 d4 {...Nc4 is the strong threat.} 44. Kg4 Kb4 45. Kf5 Nc4 46. Be2 Kc5 47. Ke4 Nb2 48. Kxe5 {aiming for Ke4.} d3 49. Bf3 d2 50. Kxf4 d1=Q 51. Bxd1 Nxd1 52. f3 Kd5 53. Kg5 Ke6 54. f4 Ne3 55. g4 Kf7 {Precision: White = 66%, Black = 72%.} 1/2-1/2

[Event "70th RUS-ch Superfinal Men 2017"]
[Site "St. Petersburg"]
[Date "2017.12.11"]
[Round "8"]
[White "Malakhov, Vladimir"]
[Black "Vitiugov, Nikita"]
[Result "1/2-1/2"]
[WhiteElo "2686"]
[BlackElo "2722"]
[Annotator "TA"]
[PlyCount "68"]
[EventDate "2017.??.??"]
[EventType "tourn"]
[EventCountry "RUS"]
[SourceTitle "playchess.com"]
[Source "ChessBase"]
[SourceQuality "1"]

{[%evp 13,68,-15,0,-5,6,-16,-8,-15,6,4,8,7,13,14,14,5,0,16,1,0,8,2,2,4,5,16,0,0,0,0,7,0,0,0,0,0,0,0,0,0,0,0,0,0,0,0,0,0,0,0,0,0,0,0,0,0,0]} 1. Nf3 d5 2. g3 g6 3. Bg2 Bg7 4. d4 Nf6 5. O-O O-O 6. c3 Nbd7 {[%cal Bb8d7,Bd7b6,Bb6c4][%mdl 32]} 7. Bf4 c6 {The position is equal.} 8. Qc1 {D02: 1 d4 d5 2 Nf3 sidelines, including 2...Nf6 3 g3 and 2...Nf6 3 Bf4} Re8 9. c4 (9. Nbd2 Nh5 10. Bg5 f6 11. Be3 e5 12. dxe5 fxe5 13. Bg5 Nhf6 14. e4 h6 15. Be3 Ng4 {½-½ (64) Horvath,J (2527)-Wang,H (2713) Pattaya 2015}) 9... dxc4 10. Qxc4 Nb6 $146 ({Predecessor:} 10... Nh5 11. Be3 e5 12. Qc2 {0-1 (35) Davies,N (2515)-Kuijf,M (2450) Germany 1999}) 11. Qc1 Bg4 12. Rd1 Qc8 13. Nc3 Nfd5 14. Bh6 Nxc3 15. bxc3 Nc4 16. Re1 e5 17. Bxg7 Kxg7 18. Nd2 Nxd2 19. Qxd2 Bh3 20. e4 Bxg2 21. Kxg2 Qc7 22. c4 exd4 23. Qxd4+ Qe5 24. Rad1 Qxd4 25. Rxd4 $11 {[%mdl 4096] Endgame KRR-KRR} Rad8 26. Red1 Rxd4 27. Rxd4 {KR-KR} c5 28. Rd7 Rxe4 29. Rxb7 Rxc4 30. Rxa7 Rc2 31. a4 c4 32. a5 c3 33. Rc7 Ra2 34. Rxc3 Rxa5 {Precision: White = 69%, Black = 86%.} 1/2-1/2

[Event "70th RUS-ch Superfinal Men 2017"]
[Site "St. Petersburg"]
[Date "2017.12.11"]
[Round "8"]
[White "Sjugirov, Sanan"]
[Black "Svidler, Peter"]
[Result "1/2-1/2"]
[WhiteElo "2650"]
[BlackElo "2765"]
[Annotator "TA RC"]
[PlyCount "70"]
[EventDate "2017.??.??"]
[EventType "tourn"]
[EventCountry "RUS"]
[SourceTitle "playchess.com"]
[Source "ChessBase"]
[SourceQuality "1"]

{[%evp 19,70,27,23,14,26,19,23,21,14,7,22,25,22,22,63,23,20,24,27,21,28,25,22,15,15,20,18,25,24,14,21,19,19,19,17,22,18,17,37,37,25,11,18,0,0,0,0,0,0,0,0,0,0]} 1. d4 Nf6 2. c4 g6 3. Nc3 d5 4. cxd5 Nxd5 5. e4 Nxc3 6. bxc3 Bg7 7. Nf3 c5 8. Be3 Qa5 9. Qd2 O-O 10. Rc1 Rd8 11. Be2 {D85: Exchange Grünfeld: Unusual White 7th moves and lines with 7 Nf3} cxd4 12. cxd4 Qxd2+ 13. Bxd2 {White has an edge.} Na6 14. d5 {[#]} Bd7 $146 ({Predecessor:} 14... f5 15. e5 h6 16. Bc4 Kh8 17. O-O g5 18. Rfd1 f4 19. Bxa6 bxa6 20. Ba5 Rg8 {½-½ (63) Radjabov,T (2784)-Caruana,F (2770) Moscow 2012}) 15. O-O Rac8 16. Be3 Nb4 17. Rxc8 $1 ({Much worse is} 17. Bxa7 Nxa2 18. Rxc8 Rxc8 $15) 17... Bxc8 18. Bc4 b6 19. Rc1 Ba6 20. Bxa6 Nxa6 21. g4 f5 22. Ng5 fxe4 23. Ne6 Ra8 ({Reject} 23... Rxd5 24. Rc8+ Kf7 25. Ng5+ Rxg5 26. Bxg5 $16) 24. Rc4 Be5 25. Ra4 Nc7 26. Rxe4 Nxe6 27. dxe6 $11 {[%mdl 4096] Endgame KRB-KRB} Bd6 28. Ra4 Bc5 $1 29. Bxc5 bxc5 $14 {KR-KR} 30. g5 Rc8 {The position is equal.} 31. Rxa7 c4 {[#] ...c3 is the strong threat.} 32. Rd7 Rc6 33. Kf1 Rxe6 34. Rc7 Ra6 35. Rxc4 Rxa2 {Precision: White = 82%, Black = 86%.} 1/2-1/2

[Event "70th RUS-ch Superfinal Men 2017"]
[Site "St. Petersburg"]
[Date "2017.12.12"]
[Round "9"]
[White "Svidler, Peter"]
[Black "Matlakov, Maxim"]
[Result "1/2-1/2"]
[WhiteElo "2765"]
[BlackElo "2735"]
[Annotator "TA"]
[PlyCount "37"]
[EventDate "2017.??.??"]
[EventType "tourn"]
[EventCountry "RUS"]
[SourceTitle "playchess.com"]
[Source "ChessBase"]
[SourceQuality "1"]

{[%evp 28,37,3,6,25,-1,31,0,24,0,19,0]} 1. c4 e5 2. Nc3 Nf6 3. g3 d5 4. cxd5 Nxd5 5. Bg2 Nb6 6. Nf3 Nc6 7. O-O Be7 8. a3 O-O 9. b4 Be6 10. Rb1 f6 11. d3 Nd4 12. Bb2 {A29: English Opening: Four Knights Variation with 4 g3} Nxf3+ 13. Bxf3 c6 14. Ne4 Bd5 15. Bc3 {LiveBook: 5 Games} Rf7 16. Bh5 {[#]} Rf8 $146 ({Predecessor:} 16... g6 17. Bf3 Bf8 18. Qc2 a6 19. Rfd1 Qe7 {½-½ (53) Grischuk,A (2771)-Nepomniachtchi,I (2720) Moscow 2010}) 17. Bf3 Rf7 18. Bh5 Rf8 19. Bf3 1/2-1/2

[Event "70th RUS-ch Superfinal Men 2017"]
[Site "St. Petersburg"]
[Date "2017.12.12"]
[Round "9"]
[White "Vitiugov, Nikita"]
[Black "Inarkiev, Ernesto"]
[Result "1/2-1/2"]
[WhiteElo "2722"]
[BlackElo "2689"]
[Annotator "TA"]
[PlyCount "66"]
[EventDate "2017.??.??"]
[EventType "tourn"]
[EventCountry "RUS"]
[SourceTitle "playchess.com"]
[Source "ChessBase"]
[SourceQuality "1"]

{[%evp 19,66,10,14,18,19,19,19,19,19,19,18,18,18,18,20,22,30,0,0,12,9,12,16,0,5,12,19,-2,-2,-2,-2,-8,-8,-5,0,0,0,0,16,0,0,0,0,0,0,0,0,0,0]} 1. d4 Nf6 2. c4 e6 3. Nf3 d5 4. Nc3 Bb4 5. Qb3 c5 6. dxc5 Na6 {D38: Queen's Gambit Declined: Ragozin Defence (4 Nf3 Bb4)} 7. a3 Bxc3+ 8. Qxc3 Nxc5 9. cxd5 Qxd5 10. Be3 Nce4 {LiveBook: 18 Games} 11. Qe5 Qxe5 12. Nxe5 {White wants to play f3.} Nd5 13. Bc1 Bd7 14. f3 {[#]} Nc5 $146 15. e4 Nb3 16. Rb1 Nb6 17. Be3 Rc8 18. g4 Ba4 {The position is equal.} 19. g5 Ke7 20. Rg1 {[%cal Bh1g1,Bg1g4,Bg4h4][%mdl 32]} Rhd8 21. Rg4 Nd7 $132 {[%mdl 2048] Black puts up resistance} 22. Nxd7 Rxd7 23. Rh4 Rc2 24. Rxh7 Nd2 25. Bxd2 $1 Rdxd2 26. Rxg7 Rf2 (26... Rxh2 $5 27. g6 $8 Kf6 28. Rxf7+ Kxg6 29. Rxb7 a6 30. Bxa6 Rh1+ 31. Bf1 Rch2 $11) 27. Bd3 Rcd2 28. b3 Be8 29. Rh7 {[#] Black must now prevent g6.} Ra2 $1 30. Ra1 {Threatens to win with Rxa2.} Rab2 $1 31. Rb1 {Rxb2 is the strong threat.} Ra2 $1 32. Ra1 Rab2 $1 33. Rb1 {[#] And now Rxb2 would win.} Ra2 $1 {Precision: White = 70%, Black = 80%.} 1/2-1/2

[Event "70th RUS-ch Superfinal Men 2017"]
[Site "St. Petersburg"]
[Date "2017.12.12"]
[Round "9"]
[White "Dubov, Daniil"]
[Black "Malakhov, Vladimir"]
[Result "0-1"]
[WhiteElo "2683"]
[BlackElo "2686"]
[Annotator "TA"]
[PlyCount "54"]
[EventDate "2017.??.??"]
[EventType "tourn"]
[EventCountry "RUS"]
[SourceTitle "playchess.com"]
[Source "ChessBase"]
[SourceQuality "1"]

{[%evp 14,54,11,6,37,40,22,40,43,6,4,0,29,26,20,24,20,28,44,67,51,39,73,70,78,70,74,-146,-138,-210,-197,-290,-290,-352,-294,-467,-452,-469,-497,-553,-449,-639,-553]} 1. d4 d5 2. c4 c6 3. Nf3 Nf6 4. Nc3 a6 5. Qc2 dxc4 6. e4 {D15: Slav Defence: 4 Nc3 a6 and gambit lines after 4 Nc3 dxc4} b5 7. b3 cxb3 (7... b4 8. Nd1 c3 9. a3 e6 10. axb4 Bxb4 11. Ba3 c5 12. dxc5 Bxa3 13. Rxa3 {½-½ (23) Gelfand,B (2744)-Tomashevsky,E (2749) Khanty-Mansiysk 2015}) 8. axb3 {LiveBook: 6 Games. The position is equal.} Bg4 9. Bxb5 $146 ({Predecessor:} 9. Be3 Bxf3 10. gxf3 e6 11. Bg2 a5 12. e5 Nd5 13. Nxd5 cxd5 {1-0 (55) Fridman,D (2642)-Schneider,I (2481) Germany 2016}) 9... Bxf3 10. gxf3 {aiming for Nd5.} e6 ({Resist} 10... cxb5 11. Nxb5 $1 {[%mdl 512]} Kd7 12. d5 $11) 11. Bc4 Qxd4 12. Bb2 Bb4 13. Rg1 {Kf1 is the strong threat.} O-O 14. Kf1 $36 {[%mdl 2048] White has some pressure.} Qd8 $1 15. Rd1 Nbd7 16. Ne2 {[%cal Bc3e2,Be2d4,Bd4e6][%mdl 32] And now Rxd7! would win.} Kh8 17. Nd4 Qc8 {[#]} 18. Nxe6 $1 fxe6 19. Bxe6 Ra7 $1 {[#]} 20. Qc4 $2 (20. e5 $1 $16 {[%cal Re5f6] is forced if you want to stay better.} Qe8 21. exf6 Nxf6 22. Bf5) 20... a5 $17 21. Bf5 (21. Qd4 $17 Qb8 22. Bxd7 Qb5+ 23. Qc4 Qxc4+ 24. bxc4) 21... Qe8 $19 22. f4 (22. Qxc6 $142 Nc5 23. Qxe8 Rxe8 24. e5) 22... Nc5 23. f3 Qf7 24. Qe2 (24. Qxf7 $142 Raxf7 25. Rg2) 24... Qxb3 {Black is clearly winning.} 25. Bd4 Re7 26. Kg2 Ne6 27. Be5 (27. Bxe6 $142 Qxe6 28. Qc2) 27... Nd7 {Precision: White = 41%, Black = 59%.} 0-1

[Event "70th RUS-ch Superfinal Men 2017"]
[Site "St. Petersburg"]
[Date "2017.12.12"]
[Round "9"]
[White "Riazantsev, Alexander"]
[Black "Tomashevsky, Evgeny"]
[Result "1/2-1/2"]
[WhiteElo "2650"]
[BlackElo "2713"]
[Annotator "TA"]
[PlyCount "201"]
[EventDate "2017.??.??"]
[EventType "tourn"]
[EventCountry "RUS"]
[SourceTitle "playchess.com"]
[Source "ChessBase"]
[SourceQuality "1"]

{[%evp 23,201,0,0,-9,-10,-11,0,0,0,2,4,4,4,0,10,10,10,14,17,9,9,9,9,5,10,0,0,0,0,0,0,0,0,0,0,-16,-11,-42,-41,-40,-39,-35,-34,-34,-33,-59,-51,-53,-52,-53,-31,-25,-8,-8,-8,-8,-8,-26,-8,-8,0,0,0,0,0,0,0,0,0,0,0,0,0,0,0,0,0,0,0,0,0,0,0,0,0,0,0,0,0,0,0,0,0,-8,0,-8,0,-8,0,0,0,-8,-8,-8,-8,-8,-8,-8,0,-8,-8,-15,0,-83,-83,-83,-83,-83,-83,-83,-83,-83,-70,-70,-70,-83,-70,-70,-8,-8,-8,-8,-8,-8,-8,-8,-8,-8,-8,-8,-8,-8,-8,-8,-8,-8,-8,-8,-8,-8,0,0,0,0,0,0,0,0,0,0,0,-8,0,-8,0,0,0,0,0,0,0,0,0,0,0,-8,0,0,0,-8]} 1. Nf3 d5 2. g3 c5 3. Bg2 Nf6 4. O-O g6 5. d4 cxd4 6. Nxd4 Bg7 7. c4 O-O 8. cxd5 Nxd5 9. Nc3 Nxc3 10. bxc3 Nc6 11. Nxc6 bxc6 12. Bxc6 {D75: Fianchetto Grünfeld: Main Line with 7...c5} Bh3 {LiveBook: 5 Games} 13. Qxd8 (13. Bxa8 {seems wilder.} Qxa8 14. f3 Qc8 15. Rb1 Rd8 16. Qb3) 13... Raxd8 14. Bg2 $1 {[%cal Rg2h3]} Bxc3 15. Rb1 Bxg2 16. Kxg2 Rd7 {[#]} 17. Rb3 $146 Rc8 18. Be3 Be5 19. Rc1 Rxc1 20. Bxc1 $11 {[%mdl 4096] Endgame KRB-KRB} f5 21. Be3 a6 22. Rb6 Rd6 23. Rb7 Kf7 24. Ra7 Rc6 25. a4 Bc7 26. h4 h5 27. Kf3 Ke6 28. Bf4 Ba5 29. Bg5 Bb4 30. a5 Bxa5 31. Rxe7+ Kd5 32. e4+ fxe4+ 33. Rxe4 Bc3 34. g4 a5 35. gxh5 gxh5 36. Rf4 Ra6 {Strongly threatening ...a4.} 37. Rf5+ Kc4 38. Bc1 $1 Rf6 39. Ke4 $1 Re6+ 40. Kf4 Re1 41. Ba3 $1 Bb4 {...Ra1 is the strong threat.} 42. Rxh5 Bxa3 (42... Re6 {looks sharper.} 43. Kg4 Rg6+ 44. Kf5 Rg7 45. Bc1 a4) 43. Rxa5 {KRB-KR} Bc5 44. h5 Bxf2 45. Kf5 Rh1 46. Kg6 Be3 47. Ra3 Rg1+ 48. Kf7 Bh6 49. Ra5 Kd4 50. Rf5 Rg7+ 51. Kf6 Ke4 52. Re5+ Kf4 53. Ra5 Rg8 54. Kf7 Rb8 (54... Rg7+ {with more complications.} 55. Kf6) 55. Ra4+ Kf5 56. Ra5+ Kg4 57. Ke6 Bf4 58. Rc5 Rb6+ 59. Kd5 Kxh5 60. Rc6 Rb1 61. Ke4 Kg5 62. Re6 Rd1 63. Rc6 Re1+ 64. Kd4 Kf5 65. Rc5+ Be5+ 66. Kd3 Rh1 67. Rc8 Rh3+ 68. Ke2 (68. Kc4 $1 $11) 68... Ke4 $17 69. Re8 Rh2+ 70. Ke1 Kd4 71. Kf1 Ra2 72. Re7 Bf4 73. Re2 Ra3 74. Re8 Be3 75. Ke2 Ra2+ (75... Bg1 $15) 76. Kf3 $11 {The position is equal.} Rf2+ 77. Kg4 Rf4+ 78. Kh5 Rf6 79. Kg4 Kd3 80. Ra8 Rf4+ 81. Kh5 Ke4 82. Ra4+ Bd4 83. Kg5 Kf3 {[#] aiming for ...Bf6+.} 84. Ra3+ Be3 {Threatens to win with ...Ra4+.} 85. Kg6 $1 Rb4 86. Kf5 Rb5+ 87. Ke6 Ke4 88. Ra1 Rb6+ 89. Kd7 Bf4 90. Re1+ Kd5 91. Rd1+ Kc5 92. Rd3 Be5 93. Rd1 Bd4 94. Rc1+ Kd5 95. Rd1 $1 Rb7+ 96. Kd8 Ke5 97. Kc8 Rh7 98. Rd2 Bc5 99. Rd7 Rh1 100. Rd2 Bb4 101. Rd3 {Precision: White = 72%, Black = 58%.} 1/2-1/2